000 00920nam a2200265Ia 4500
003 OSt
005 20220930092716.0
006 a|||||r|||| 00| 0
007 ta
008 220926b |||||||| |||| 00| 0 eng d
024 _a24159
037 _cTheses
040 _aCRL
_cCRL
_beng
041 _2eng
_aeng
100 _aDubey Sachin Kumar
_9549544
110 _aUniversity OF Delhi. Faculty OF Medical Sciences. Department OF Paediatrics
245 0 _aStudy on role of prophylactic probiotic use in preterm neonates for prevention of late onset sepsis
260 _c2015
650 _aCHILDREN - DISEASES
700 _a Dr. C. S. Narayanan Gu.
_9549545
700 _a Dr. vandana Negi Gu.
_9545439
700 _aUniversity OF Delhi. Faculty OF Medical Sciences. Department OF Paediatrics
942 _cDIS
_2CC
999 _c884189
_d884189